Normal view
MARC view
Entry Personal Name
001 - CONTROL NUMBER
- control field: 18648
003 - CONTROL NUMBER IDENTIFIER
- control field: ARRUPE
005 - DATE AND TIME OF LATEST TRANSACTION
- control field: 20150818151153.0
008 - FIXED-LENGTH DATA ELEMENTS
- fixed length control field: 150818|| aca||aabn | a|a d
040 ## - CATALOGING SOURCE
- Original cataloging agency: ARRUPE
- Transcribing agency: ARRUPE
100 ## - HEADING--PERSONAL NAME
- Personal name: Vatican Radio et al...
670 ## - SOURCE DATA FOUND
- Source citation: Work cat.: (ARRUPE): Vatican Radio et al..., Pope Francis, 2015